| 000 | 00399 a2200169 4500 | ||
|---|---|---|---|
| 000 | nam a22 7a 4500 | ||
| 001 | 1970 | ||
| 005 | 20260416093111.0 | ||
| 020 | _a9789352603633 | ||
| 100 | _aLaxmikanth, M | ||
| 110 | _aLaxmikanth, M | ||
| 245 | _aIndian Polity | ||
| 250 | _a8th | ||
| 260 |
_bMcGraw Hill Education Pvt Ltd _c2025 |
||
| 264 |
_bMcGraw Hill Education Pvt Ltd _c2025 |
||
| 942 | _cBK | ||
| 999 |
_c1970 _d1970 |
||